| 000 | 01070nam a22002775a 4500 | ||
|---|---|---|---|
| 003 | OSt | ||
| 005 | 20160925104746.0 | ||
| 008 | 160907s2004 ua frb 000 0 ara d | ||
| 015 | _a2004/9561 | ||
| 020 | _a9770313009 | ||
| 040 |
_aEG-ScBUE _bara _cEG-ScBUE |
||
| 082 | 0 | 4 |
_a346.6203 _bد ن ا _222 |
| 082 | 0 | 4 |
_a347.62 _bد ن ا _222 |
| 100 | 1 |
_aدناصوري، عز الدين. _941061 |
|
| 245 | 1 | 4 |
_aالمسئولية المدنية في ضوء الفقه والقضاء / _cعز الدين الدناصوري، عبد الحميد الشواربي. |
| 250 | _aط. 7. | ||
| 260 |
_aالإسكندرية : _bمنشأة المعارف، _c2004. |
||
| 300 |
_a2 مج. (3337 ص.) ؛ _c24 سم. |
||
| 504 | _aيشتمل على إرجاعات ببليوجرافية. | ||
| 650 | 7 |
_aالمسئولية المدنية _zمصر. _2BUEsh _941063 |
|
| 650 | 7 |
_aالمسئولية المدنية (فقه إسلامي) _zمصر. _2BUEsh _941064 |
|
| 651 | _2BUEsh | ||
| 653 |
_bLLAAWW _cSeptember2016 |
||
| 700 | 1 |
_941062 _aشواربي، عبد الحميد |
|
| 942 | _2ddc | ||
| 999 |
_c22330 _d22302 |
||